000 00364nam a22001457a 4500
008 250114b ||||| |||| 00| 0 eng d
020 _a9789951297608
041 _aSHQIP
080 _a38.2
082 _22024
_a38.2
100 _a40
101 _aVEPRA
245 _aRINDERTIMI I IDENTITETIT KOMBETAR NE VEPREN E DRITRO AGOLLIT
_cVOTIM HANOLI
942 _2udc
_cBK
999 _c60633
_d60633